000 00353nam a2200157Ia 4500
003 OSt
005 20240101102151.0
008 170524s9999 xx 000 0 und d
020 _a9780198062295
040 _cIIMT UNIVERSITY
100 _aSADIKEE M
245 0 _aPRINCIPLE OF ELECTROMAGNETICS
260 _bOxford
260 _c2010
942 _2ddc
_c02
999 _c5801
_d5801